Voyage en Araucanie, au Chili, au Pérou et dans la Colombie, ou Relation historique et descriptive d'un séjour de vingt ans dans l'Amérique du Sud (Record no. 165780)

MARC details
000 -LEADER
campo de control de longitud fija 01241nam a22002055i 4500
001 - NÚMERO DE CONTROL
campo de control 165780
003 - IDENTIFICADOR DE NÚMERO DE CONTROL
campo de control ES-MaACL
005 - FECHA Y HORA DE LA ÚLTIMA TRANSACCIÓN
campo de control 20250715193401.0
008 - DATOS DE LONGITUD FIJA--INFORMACIÓN GENERAL
campo de control de longitud fija 050906s1828 fr a | |||||||| ||fre d
040 ## - FUENTE DE CATALOGACIÓN
Centro catalogador/agencia de origen CAM
Lengua de catalogación spa
Centro/agencia transcriptor CAM
100 1# - ENTRADA PRINCIPAL--NOMBRE DE PERSONA
Nombre de persona Stevenson, William Bernet.
9 (RLIN) 132906
245 10 - MENCIÓN DEL TÍTULO
Título Voyage en Araucanie, au Chili, au Pérou et dans la Colombie, ou Relation historique et descriptive d'un séjour de vingt ans dans l'Amérique du Sud
Resto del título : suivie d'un précis des révolutions des colonies espagnoles de l'Amérique du Sud /
Mención de responsabilidad, etc. traduite de l'anglais de W. B. Stevenson ; et augmentée de la suite des révolutions de ces Colonies depuis 1823 jusqu'a ce jour par Sétier ; tome I [-III].
260 ## - PUBLICACIÓN, DISTRIBUCIÓN, ETC.
Lugar de publicación, distribución, etc. Paris :
Nombre del editor, distribuidor, etc. Librairie Universelle de P. Mongie aîne,
Fecha de publicación, distribución, etc. 1828 (
Fabricante Imprimerie de Fain)
300 ## - DESCRIPCIÓN FÍSICA
Extensión 3 v. (XII, 390 p., [2] h. pleg. de lám.; VI, 496 p., [2] h. de lám.; VII, 440 p., [2] h. pleg. de lám.) ;
Dimensiones 8º.
597 ## - NOTA DE DESCRIPCIÓN FÍSICA
NOTA DE DESCRIPCIÓN FÍSICA Las h. de láminas son grabados calcográficos: "Gravé par Adam", representan escenas de los indios.
651 04 - PUNTO DE ACCESO ADICIONAL DE MATERIA--NOMBRE GEOGRÁFICO
Nombre geográfico América del Sur-
Subdivisión general Descripción.
9 (RLIN) 7712
700 1# - ENTRADA AGREGADA--NOMBRE PERSONAL
Nombre de persona Sétier, Louis-Pascal,
Fechas asociadas al nombre 1793-1835
9 (RLIN) 158440
852 ## - LOCALIZACIÓN
Ubicación ES-MaACL
Número de control de estantería D-815-17
Nota libre -- Enc. pasta con hierros dorados
Holdings
Estatus retirado Estado de pérdida Estado de daño No para préstamo Colección Biblioteca de origen Biblioteca actual Ubicación en estantería Fecha de adquisición Total de préstamos Signatura topográfica completa Código de barras Visto por última vez Precio de reemplazo Tipo de ítem Koha
        Libros del s. XIX Biblioteca del Ateneo de Madrid Biblioteca del Ateneo de Madrid Sala Valle Inclán 17/01/2008   D-815-17 901173858 23/02/2023 23/02/2023 Libro impreso antiguo